| 000 | 00000nas 2200000za 4500 |
| 001 | 9.819669 |
| 003 | CaOODSP |
| 005 | 20221107143024 |
| 007 | cr ||||||||||| |
| 008 | 160617d19731974oncar p oss f000#a0eng|d |
| 022 | |y0837-967X |
| 040 | |aCaOODSP|beng |
| 041 | |aeng|afre |
| 043 | |an-cn--- |
| 086 | 1 |aCS61-514-PDF |
| 086 | 1 |aCS61-515-PDF |
| 245 | 00|aSelected financial statistics of associations |h[electronic resource] / |cStatistics Canada, Merchandising and Services Division = Certaines statistiques financières d'associations / Statistique Canada, Division du commerce et des services. |
| 246 | 11|aCertaines statistiques financières d'associations |
| 260 | |a[Ottawa] : |bStatistics Canada = Statistique Canada, |c1975-1976. |
| 310 | |aAnnual |
| 362 | 0 |a1973-1974. |
| 500 | |aDigitized edition from print [produced by Statistics Canada]. |
| 546 | |aText in English and French. |
| 692 | 07|2gccst|aProfessional associations |
| 692 | 07|2gccst|aAssociations |
| 710 | 1 |aCanada. |bStatistics Canada. |bMerchandising and Services Division. |
| 792 | |tSelected financial statistics of associations |efre|w(CaOODSP)9.819670 |